000 00776nam a2200181Ia 4500
008 0000001999 sp a 0000000000spa00
090 _aPSP00 P17v
100 1 _aPascual Rodrigo, ángel
_d1951
245 1 0 _aVells passis
_c/ Angel Pascual Rodrigo
300 _a[14] p.
_c/ 21 cm.
500 _aExposición realizada en el Museo Pablo Serrano, Zaragoza, del 1 de octubre al 21 de noviembre,1999 \ Con el patronazgo del maestro venezolano Jesús Rafael Soto (q.e.p.d.) \ Registro auspiciado por el IDCT. Bogotá
600 0 0 _a PASCUAL RODRIGO, ANGEL, 1951/
_xTRABAJOS PICTORICOS
650 1 4 _a PINTURA ESPAÑOLA
650 1 4 _aARTE CONTEMPORANEO ESPAÑOL
650 1 4 _xCATALOGOS
650 1 4 _xEXPOSICIONES
999 _c4365
_d4365
260 _aZaragoza : Museo Pablo Serrano
_c1999